| Tag |
First Indicator |
Second Indicator |
Subfields |
| LEADER |
00000cam a2200000 a 4500 |
| 001 |
in00000081985 |
| 005 |
20220103134621.0 |
| 007 |
cr unu a |
| 008 |
820524s1981 txua b 00010 eng d |
| 035 |
|
|
|9 AAJ3504AM
|
| 035 |
|
|
|a (OCoLC)08455473
|
| 040 |
|
|
|a TXA
|c TXA
|d UtOrBLW
|
| 049 |
|
|
|a TXAZ [Also in] [Archives]
|c 1 [1803674], 2 [1803675]
|
| 099 |
|
|
|a 1981
|a Thesis
|a J66
|
| 100 |
1 |
|
|a Johnson, Beverly Thurmond,
|d 1957-
|
| 245 |
1 |
2 |
|a A nutritional evaluation of to, a staple African food, cooked using three different processing methods /
|c by Beverly Thurmond Johnson.
|
| 264 |
|
1 |
|a [Place of publication not identified] :
|b [publisher not identified] ;
|c 1981.
|
| 300 |
|
|
|a xi, 77 leaves :
|b illustrations ;
|c 29 cm.
|
| 336 |
|
|
|a text
|b txt
|2 rdacontent
|
| 337 |
|
|
|a computer
|b c
|2 rdamedia
|
| 338 |
|
|
|a online resource
|b cr
|2 rdacarrier
|
| 500 |
|
|
|a "Major subject: Food Science and Technology."
|
| 500 |
|
|
|a Typescript (photocopy).
|
| 500 |
|
|
|a Vita.
|
| 502 |
|
|
|b M.S.
|c Texas A&M University
|d 1981.
|
| 504 |
|
|
|a Bibliography: leaves 63-69.
|
| 530 |
|
|
|a Also available online.
|
| 650 |
|
0 |
|a Cereals as food.
|
| 650 |
|
0 |
|a Kugyŏl
|x Analysis.
|
| 650 |
|
0 |
|a Nutrition.
|
| 650 |
|
0 |
|a Sorghum
|x Analysis.
|
| 650 |
|
4 |
|a Major food science and technology.
|
| 856 |
4 |
1 |
|u https://hdl.handle.net/1969.1/ETD-TAMU-1981-THESIS-J66
|z Link to OAKTrust copy
|t 0
|
| 999 |
|
|
|a MARS
|
| 999 |
f |
f |
|s 7d09de1b-f0f2-3ceb-8637-eba611cd6306
|i 46e5f5c1-6fbf-3a73-904e-d06247aa5d0d
|t 0
|
| 952 |
f |
f |
|p noncirc
|a Texas A&M University
|b J.J. Pickle Campus
|c High Density Repository
|s HDR
|d Remote Storage
|t 0
|e 1981 Thesis J66
|h Other scheme
|i computer -- online resource
|m A14841000765
|
| 952 |
f |
f |
|a Texas A&M University
|b College Station
|c Electronic Resources
|s www_evans
|d Available Online
|t 0
|e 1981 Thesis J66
|h Other scheme
|
| 998 |
f |
f |
|a 1981 Thesis J66
|t 0
|l Available Online
|
| 998 |
f |
f |
|a 1981 Thesis J66
|t 0
|l Remote Storage
|